[Event "Girona Tardor Tancat"]
[Site "Girona"]
[Date "2017.11.28"]
[Round "8"]
[White "Parramon Ros, Francesco"]
[Black "Aymerich Verdaguer, Eduard"]
[Result "1/2-1/2"]
[WhiteElo "2224"]
[BlackElo "2314"]
[PlyCount "102"]
[EventDate "2017.09.26"]
[EventType "tourn"]
[EventRounds "9"]
[EventCountry "ESP"]
[SourceTitle "EXT 2019"]
[Source "ChessBase"]
[SourceDate "2018.10.10"]
[SourceVersion "1"]
[SourceVersionDate "2018.10.10"]
[SourceQuality "1"]

1. e4 c5 2. Nf3 e6 3. g3 Nc6 4. Bg2 d5 5. exd5 Qxd5 6. 0-0 Nf6 7. Nc3 Qd7 8. Re1 Be7 9. a4 0-0 10. a5 Rb8 11. d3 b5 12. axb6 Rxb6 13. Na4 Ra6 14. b3 Bb7 15. Bb2 Rd8 16. Ne5 Nxe5 17. Bxe5 Bc6 18. Bxc6 Qxc6 19. Qe2 h6 20. Nb2 Rxa1 21. Rxa1 Rd7 22. Nc4 Qd5 23. h3 Nh7 24. h4 g5 25. h5 Nf6 26. Rf1 Bd8 27. f4 gxf4 28. Rxf4 Nh7 29. Qe4 Qxe4 30. Rxe4 Ng5 31. Re3 f6 32. Bc3 Kf7 33. Kg2 Bc7 34. Re1 e5 35. Rf1 Ke6 36. Ra1 Bd8 37. Ra6+ Ke7 38. Ne3 Bb6 39. Ba5 e4 40. Bxb6 axb6 41. Rxb6 exd3 42. cxd3 Rxd3 43. Nf5+ Kd7 44. Nxh6 Kc7 45. Rxf6 Rxg3+ 46. Kxg3 Ne4+ 47. Kf4 Nxf6 48. Kg5 Nxh5 49. Kxh5 Kb6 50. Nf5 Kb5 51. Ne3 Kb4 1/2-1/2